| 000 | 00677nam a2200181Ia 4500 | ||
|---|---|---|---|
| 008 | 090630s9999 xx 000 0 und d | ||
| 082 | _b13299 | ||
| 100 | _aडॉ. श्रोत्री निशिकांत. | ||
| 245 |
_aसाडेसाती. _cडॉ. श्रोत्री निशिकांत. |
||
| 260 |
_bसुयोग - पुणे. _c1994 |
||
| 300 | _a200 | ||
| 600 | _aडॉ. श्रोत्री निशिकांत. | ||
| 630 | _aसाडेसाती. | ||
| 655 | _aकादंबरी. | ||
| 700 | _aडॉ. श्रोत्री निशिकांत. | ||
| 730 | _aसाडेसाती. | ||
| 942 | _cBOOK | ||
| 999 |
_c265155 _d265155 |
||